| 000 | 00532nam a2200181Ia 4500 | ||
|---|---|---|---|
| 003 | IN-BaIIA | ||
| 008 | 211028s9999 xx 000 0 eng d | ||
| 020 | _a978-0-316-09101-5 | ||
| 040 | _cIIA Library | ||
| 080 |
_a523.9 _bBER |
||
| 100 |
_aBerman, Bob _934750 |
||
| 245 | 4 |
_aThe Suns heartbeat _band other stories from the life of the star that powers our planet _cBob Berman |
|
| 260 |
_aNew York _bLittle Brown _c2011 |
||
| 300 | _aviii, 290p. | ||
| 650 |
_aSun-Popular works _930534 |
||
| 650 |
_aThe sun _930320 |
||
| 942 | _cBK | ||
| 999 |
_c18172 _d18172 |
||